00791nam a2200181 a 450000100080000000500110000800800410001910000240006024501180008426000330020230000090023552002710024465000110051565000230052665000170054965000220056665000210058811338962023-10-31 2021 bl uuuu t 00u1 u #d1 aGOULART J??NIOR, R. aRelat??rio An??lise de mercado e acompanhamento BANANA - julho/21 (Relat??rio de projeto).h[electronic resource] aFlorian??polis: Epagric2021 a9 p. aRelat??rio com an??lise da evolu????o do pre??o mensal ao produtor nas principais pra??as estaduais e nacionais e pre??o m??dio no atacado estadual; e an??lise da evolu????o das exporta????es nacionais e catarinenses de banana e comparativo das estimativas de safra. aBanana aEconomia agr??cola aFruticultura aMercado agr??cola aPre??o agr??cola